[Event "HL  Women's 61.  RUS Chmp. 2011"]
[Site "Taganrog"]
[Date "2011.06.23"]
[Round "7"]
[Board "1"]
[White "Tomilova, Elena"]
[Black "Zaiatz Elena, "]
[Result "0-1"]
[WhiteElo "2317"]
[BlackElo "2430"]
[PlyCount "64"]
[EventDate "2011.06.15"]
[EventRounds "9"]
[EventCountry "RUS"]

1.d4 Nf6 2.Nf3 d5 3.c4 e6 4.cxd5 exd5 5.Nc3 c6 6.Qc2 Na6 7.a3 Nc7 8.Bg5 Ne6
9.Bh4 Be7 10.e3 g6 11.h3 Ng7 12.g4 h5 13.Bxf6 Bxf6 14.Rg1 Be6 15.O-O-O Rc8
16.Kb1 b5 17.e4 a6 18.Re1 Kf8 19.exd5 cxd5 20.Ne5 Bxe5 21.Rxe5 hxg4 22.hxg4 Rh2
23.Re2 Qf6 24.Qd1 Rxf2 25.Rh1 Ne8 26.Re3 Rf4 27.Reh3 Rxd4 28.Rh8+ Ke7 29.Qe2 Qf4
30.Bg2 Rxc3 31.bxc3 Rd2 32.Qf3 Qa4 0-1

[Event "HL  Women's 61.  RUS Chmp. 2011"]
[Site "Taganrog"]
[Date "2011.06.23"]
[Round "7"]
[Board "1"]
[White "Romanko, Marina"]
[Black "Gunina, Valentina"]
[Result "0-1"]
[WhiteElo "2387"]
[BlackElo "2487"]
[PlyCount "64"]
[EventDate "2011.06.15"]
[EventRounds "9"]
[EventCountry "RUS"]

1.d4 d5 2.c4 c6 3.e3 Bf5 4.Nc3 e6 5.Bd3 Bxd3 6.Qxd3 Bb4 7.Bd2 Nf6 8.Nf3 O-O
9.O-O a5 10.Rfd1 Nbd7 11.a3 Bxc3 12.Bxc3 Ne4 13.Be1 Re8 14.a4 Qe7 15.b3 f5
16.Nd2 Nxd2 17.Rxd2 Nf6 18.cxd5 exd5 19.Qxf5 Ne4 20.Rc2 Rf8 21.Qg4 Rf6 22.Qe2
Raf8 23.f3 Ng5 24.Bxa5 Nxf3+ 25.gxf3 Rxf3 26.Re1 Qe4 27.Qd1 R8f6 28.Rg2 Rg6
29.Qd2 Rff6 30.Bc7 h5 31.Ree2 Rxg2+ 32.Rxg2 Qb1+ 0-1

[Event "HL  Women's 61.  RUS Chmp. 2011"]
[Site "Taganrog"]
[Date "2011.06.23"]
[Round "7"]
[Board "1"]
[White "Kovanova, Baira"]
[Black "Ovod, Evgenija"]
[Result "1-0"]
[WhiteElo "2361"]
[BlackElo "2404"]
[PlyCount "103"]
[EventDate "2011.06.15"]
[EventRounds "9"]
[EventCountry "RUS"]

1.e4 e6 2.d3 c5 3.g3 Nc6 4.Bg2 g6 5.f4 Bg7 6.Nf3 Nge7 7.O-O d6 8.c3 e5 9.Be3 b6
10.Nh4 exf4 11.gxf4 Bf6 12.Nf3 d5 13.Bf2 Bg4 14.h3 Be6 15.Ng5 Bxg5 16.fxg5 Qd7
17.Qf3 h6 18.gxh6 Rxh6 19.Bg3 O-O-O 20.h4 dxe4 21.dxe4 Rh5 22.Na3 Ne5 23.Bxe5
Rxe5 24.Rad1 Qe8 25.Rxd8+ Qxd8 26.Rd1 Qh8 27.Qd3 Kb7 28.Nc4 Bxc4 29.Qxc4 Qxh4
30.Qxf7 Qg5 31.Rd7+ Kc6 32.Rxa7 Qe3+ 33.Qf2 Qc1+ 34.Qf1 Qe3+ 35.Qf2 Qc1+ 36.Kh2
Rh5+ 37.Bh3 Qg5 38.Qf3 Qd2+ 39.Kg3 Qe1+ 40.Kg2 Qd2+ 41.Kg3 Qe1+ 42.Kh2 Qd2+
43.Qg2 Qf4+ 44.Qg3 Qd2+ 45.Kg1 Rg5 46.Rc7+ Kb5 47.Bf1+ c4 48.Bxc4+ Ka4 49.Ra7+
Ra5 50.Bb3+ Kb5 51.Qe5+ Nd5 52.a4+ 1-0

[Event "HL  Women's 61.  RUS Chmp. 2011"]
[Site "Taganrog"]
[Date "2011.06.23"]
[Round "7"]
[Board "1"]
[White "Charochkina, Daria"]
[Black "Ambartsumova, Karina"]
[Result "1-0"]
[WhiteElo "2320"]
[BlackElo "2303"]
[PlyCount "79"]
[EventDate "2011.06.15"]
[EventRounds "9"]
[EventCountry "RUS"]

1.c4 e6 2.b3 Nf6 3.Bb2 b6 4.Nf3 Bb7 5.e3 c5 6.d4 cxd4 7.exd4 Bb4+ 8.Nbd2 Ne4
9.a3 Nxd2 10.Nxd2 Be7 11.Bd3 d5 12.O-O O-O 13.Rc1 Nd7 14.Nf3 Rc8 15.Qe2 Bd6
16.Ne5 Qe7 17.Nxd7 Qxd7 18.c5 bxc5 19.dxc5 Bf4 20.Bxg7 Bxh2+ 21.Kxh2 Kxg7 22.b4
Rg8 23.b5 Qe7 24.c6 Qh4+ 25.Kg1 Ba8 26.f4 Kf8 27.Rf3 Rg7 28.Qe3 Qe7 29.a4 Qc7
30.f5 exf5 31.Rxf5 Re8 32.Qf2 Rd8 33.Qc5+ Kg8 34.Rxd5 Re8 35.Qf2 Qe7 36.Rd7 Qg5
37.Rf1 Rf8 38.Rxa7 Kh8 39.Be4 Qe5 40.Bf3 1-0

[Event "HL  Women's 61.  RUS Chmp. 2011"]
[Site "Taganrog"]
[Date "2011.06.23"]
[Round "7"]
[Board "1"]
[White "Kovalevskaya, Ekaterina"]
[Black "Matveeva, Svetlana"]
[Result "1/2-1/2"]
[WhiteElo "2427"]
[BlackElo "2380"]
[PlyCount "121"]
[EventDate "2011.06.15"]
[EventRounds "9"]
[EventCountry "RUS"]

1.c4 c5 2.Nf3 Nc6 3.d4 cxd4 4.Nxd4 e6 5.Nc3 Nf6 6.a3 Bc5 7.Nb3 Be7 8.e4 O-O
9.Be2 b6 10.O-O Bb7 11.Bf4 d6 12.Qd2 Ne5 13.Rfd1 Qc8 14.Qd4 Nc6 15.Qe3 Ne5
16.Rac1 Rd8 17.Bg3 Rd7 18.Nd4 Nxc4 19.Bxc4 Qxc4 20.Ncb5 Qa4 21.b3 Qa6 22.Nc7
Rxc7 23.Rxc7 Bd8 24.Rcc1 Nxe4 25.a4 Bd5 26.Nb5 Qb7 27.Bxd6 a6 28.f3 axb5 29.fxe4
Bxe4 30.Qg3 bxa4 31.bxa4 Bd5 32.Rf1 Qd7 33.Be5 f5 34.Rc3 Rxa4 35.h3 Ra2 36.Rf2
Rxf2 37.Qxf2 Kf7 38.Qg3 g5 39.h4 h6 40.hxg5 hxg5 41.Qh2 Qa4 42.Qh5+ Ke7 43.Qxg5+
Ke8 44.Qg8+ Ke7 45.Qg7+ Ke8 46.Qg6+ Ke7 47.Qh7+ Ke8 48.Rc8 Qd1+ 49.Kh2 Bxg2
50.Qg8+ Ke7 51.Qg7+ Ke8 52.Qh8+ Kf7 53.Qg7+ Ke8 54.Kxg2 Qe2+ 55.Kh3 Qf3+ 56.Kh2
Qe2+ 57.Kh3 Qf3+ 58.Qg3 Qh1+ 59.Qh2 Qf3+ 60.Qg3 Qh1+ 61.Qh2 1/2-1/2

[Event "HL  Women's 61.  RUS Chmp. 2011"]
[Site "Taganrog"]
[Date "2011.06.23"]
[Round "7"]
[Board "1"]
[White "Vasilevich, Irina"]
[Black "Bodnaruk, Anastasia"]
[Result "0-1"]
[WhiteElo "2342"]
[BlackElo "2419"]
[PlyCount "96"]
[EventDate "2011.06.15"]
[EventRounds "9"]
[EventCountry "RUS"]

1.c4 g6 2.g3 Bg7 3.Bg2 d6 4.Nc3 e5 5.d3 f5 6.f4 Nf6 7.Nh3 O-O 8.O-O c6 9.Kh1 Qe7
10.Nf2 exf4 11.Bxf4 Nh5 12.Bd2 Nd7 13.Qc1 Ne5 14.Bg5 Qe8 15.Qd2 Nf7 16.Be3 h6
17.d4 g5 18.Nd3 Nf6 19.Bg1 a5 20.Qc2 Ne4 21.Nf2 Nxc3 22.bxc3 Be6 23.d5 cxd5
24.cxd5 Bd7 25.e4 Ne5 26.exf5 Bxf5 27.Qb3 Qd7 28.Rae1 b5 29.Ne4 Rae8 30.Bd4 a4
31.Qb1 Bh7 32.Rxf8+ Rxf8 33.Rf1 Bf5 34.Qb4 Nc4 35.Bg1 Re8 36.Rxf5 Qxf5 37.Nxd6
Nxd6 38.Qxd6 Re1 39.Qb8+ Kh7 40.Qxb5 a3 41.Qc5 g4 42.Qc7 Re2 43.Bd4 Qb1+ 44.Bg1
Qc2 45.d6 Rxg2 46.Qb7 Rxg1+ 47.Kxg1 Qc1+ 48.Kf2 Qb2+ 0-1

[Event "HL  Women's 61.  RUS Chmp. 2011"]
[Site "Taganrog"]
[Date "2011.06.23"]
[Round "7"]
[Board "1"]
[White "Pustovoitova, Daria"]
[Black "Shadrina, Tatiana"]
[Result "0-1"]
[WhiteElo "2306"]
[BlackElo "2397"]
[PlyCount "56"]
[EventDate "2011.06.15"]
[EventRounds "9"]
[EventCountry "RUS"]

1.d4 d5 2.c4 e6 3.Nc3 Nf6 4.cxd5 exd5 5.Bg5 Be7 6.e3 c6 7.Bd3 Nbd7 8.Nge2 O-O
9.O-O Re8 10.f3 c5 11.Qd2 a6 12.Rad1 b5 13.Bb1 Bb7 14.dxc5 Bxc5 15.Nd4 Qb6
16.Rfe1 g6 17.a3 Ne5 18.Qf2 Nc4 19.Ba2 Rac8 20.Bxc4 dxc4 21.e4 Rcd8 22.Be3 Bxe4
23.Nxe4 Rxe4 24.fxe4 Ng4 25.Nf5 Rxd1 26.Rxd1 Bxe3 27.Nxe3 Nxf2 28.Kxf2 Qf6+ 0-1

[Event "HL  Women's 61.  RUS Chmp. 2011"]
[Site "Taganrog"]
[Date "2011.06.23"]
[Round "7"]
[Board "1"]
[White "Girya, Olga"]
[Black "Bukhteeva, Viktoria"]
[Result "1-0"]
[WhiteElo "2394"]
[BlackElo "2178"]
[PlyCount "81"]
[EventDate "2011.06.15"]
[EventRounds "9"]
[EventCountry "RUS"]

1.Nf3 d5 2.d4 Nf6 3.c4 e6 4.Nc3 Be7 5.Bg5 O-O 6.e3 Nbd7 7.Qc2 c5 8.cxd5 Nxd5
9.Bxe7 Qxe7 10.Nxd5 exd5 11.Bd3 h6 12.dxc5 Nxc5 13.Rc1 Nxd3+ 14.Qxd3 Qb4+ 15.Qd2
Qb5 16.Nd4 Qa6 17.Qe2 Qxa2 18.O-O Qa5 19.Qd3 Qb6 20.Qa3 Be6 21.Rc3 Rfc8 22.Rfc1
Rxc3 23.Rxc3 a6 24.h3 Kh7 25.Rb3 Qc7 26.Qb4 b5 27.Rc3 Qe5 28.Qa5 Qe4 29.Kh2 Qb1
30.Rc2 Bf5 31.Rc6 Be4 32.b3 Qf1 33.f3 Bd3 34.Qc7 Bg6 35.Qe5 Qd3 36.Rc7 a5 37.h4
h5 38.Ne6 Rg8 39.Ng5+ Kh8 40.Rxf7 Qxb3 41.Rxg7 1-0

[Event "HL  Women's 61.  RUS Chmp. 2011"]
[Site "Taganrog"]
[Date "2011.06.23"]
[Round "7"]
[Board "1"]
[White "Kostrikina, Anna"]
[Black "Semenova, Elena"]
[Result "1-0"]
[WhiteElo "2072"]
[BlackElo "2188"]
[PlyCount "141"]
[EventDate "2011.06.15"]
[EventRounds "9"]
[EventCountry "RUS"]

1.e4 e5 2.Nf3 Nc6 3.d4 exd4 4.Nxd4 Nf6 5.Nc3 Bb4 6.Nxc6 bxc6 7.Bd3 d5 8.exd5
cxd5 9.O-O O-O 10.Bg5 c6 11.Qf3 Be7 12.h3 Rb8 13.b3 Be6 14.Rad1 Re8 15.Rfe1 Bb4
16.Bd2 Nd7 17.Ne2 Bd6 18.Nd4 Qc7 19.Nxe6 fxe6 20.Qh5 Nf8 21.c4 Re7 22.Bc3 Rf7
23.Re2 Rd8 24.Rc2 Qb6 25.cxd5 cxd5 26.Bd4 Qb8 27.Re1 Qb4 28.Bc3 Qb6 29.Qd1 Bc5
30.Ree2 Re8 31.b4 Bd6 32.a4 Nd7 33.Bb5 a6 34.Bd4 Qb7 35.Bc6 Qxb4 36.Rb2 Qa5
37.Bb6 Qc3 38.Bd4 Qa5 39.Bb6 Qc3 40.Bd4 Qa5 41.Bb6 Qc3 42.Bxd5 Nxb6 43.Rxb6 Rd8
44.Rxd6 Rxd6 45.Rxe6 Rxe6 46.Bxe6 Qf6 47.Bxf7+ Kxf7 48.Qd7+ Kf8 49.Qc8+ Kf7
50.Qc7+ Qe7 51.Qb6 Qe1+ 52.Kh2 Qe5+ 53.g3 a5 54.Qc6 Qf6 55.Qc7+ Kg6 56.Kg2 Qf5
57.Qc6+ Kf7 58.Qf3 Kg6 59.g4 Qe5 60.h4 h6 61.h5+ Kh7 62.Qf5+ Qxf5 63.gxf5 Kg8
64.Kf3 Kf7 65.Ke4 Kf6 66.Kf4 Kf7 67.Ke5 Ke7 68.f4 Kf7 69.f6 gxf6+ 70.Kf5 Ke7
71.Ke4 1-0

[Event "HL  Women's 61.  RUS Chmp. 2011"]
[Site "Taganrog"]
[Date "2011.06.23"]
[Round "7"]
[Board "1"]
[White "Belenkaya, Dina"]
[Black "Savina, Anastasia"]
[Result "0-1"]
[WhiteElo "2198"]
[BlackElo "2389"]
[PlyCount "97"]
[EventDate "2011.06.15"]
[EventRounds "9"]
[EventCountry "RUS"]

1.d4 Nf6 2.c4 g6 3.Nc3 Bg7 4.e4 d6 5.f3 O-O 6.Be3 a6 7.Qd2 c6 8.Bd3 b5 9.Nge2
Nbd7 10.O-O e5 11.a3 exd4 12.Nxd4 Bb7 13.Rfd1 Ne5 14.cxb5 cxb5 15.Bf1 d5 16.exd5
Nxd5 17.Nxd5 Qxd5 18.Qe2 Rfe8 19.Qf2 Rad8 20.Rd2 Nc4 21.Bxc4 bxc4 22.Nc2 Qh5
23.Rxd8 Rxd8 24.Bd4 Bxd4 25.Nxd4 Qc5 26.Ne2 Qg5 27.h4 Qd2 28.Qb6 Re8 29.Nc3 Re1+
30.Rxe1 Qxe1+ 31.Kh2 Qxh4+ 32.Kg1 Qe1+ 33.Kh2 Qe7 34.Kg1 h5 35.Qd4 h4 36.Kf2 Qg5
37.Ne2 Bd5 38.Qf4 Qxf4 39.Nxf4 Bc6 40.Ke3 g5 41.Ne2 Kg7 42.Nd4 Bd5 43.Nc2 Kg6
44.Kd4 Bxf3 45.Ne3 Bxg2 46.Kxc4 f5 47.Kd3 h3 48.Nd1 h2 49.Nf2 0-1

[Event "HL  Women's 61.  RUS Chmp. 2011"]
[Site "Taganrog"]
[Date "2011.06.23"]
[Round "7"]
[Board "1"]
[White "Balaian, Alina"]
[Black "Drozdova, Dina"]
[Result "0-1"]
[WhiteElo "2163"]
[BlackElo "2239"]
[PlyCount "120"]
[EventDate "2011.06.15"]
[EventRounds "9"]
[EventCountry "RUS"]

1.e4 e5 2.Nf3 Nc6 3.Bc4 Bc5 4.c3 Qe7 5.O-O d6 6.d4 Bb6 7.h3 Nf6 8.Re1 h6 9.Na3
a6 10.Nc2 Nb8 11.Ne3 c6 12.Nf5 Bxf5 13.exf5 e4 14.Nd2 d5 15.Bd3 O-O 16.f3 c5
17.fxe4 cxd4 18.c4 dxe4 19.Nxe4 Nc6 20.Bf4 Nxe4 21.Rxe4 Qf6 22.Qh5 Rfe8 23.Rae1
Rxe4 24.Rxe4 Nb4 25.Be5 Qg5 26.Qxg5 hxg5 27.Bxd4 Nxd3 28.Bxb6 Nxb2 29.Rd4 Re8
30.Kf2 Re5 31.g4 Na4 32.Bc7 Rc5 33.Bd6 Rc6 34.Ke3 Nb6 35.c5 Nd7 36.Kd3 Nxc5+
37.Bxc5 Rxc5 38.Rd8+ Kh7 39.Rd7 f6 40.Rxb7 Ra5 41.Rb2 Ra3+ 42.Kc4 Rxh3 43.Rg2
Re3 44.Kc5 Re4 45.a3 g6 46.fxg6+ Kxg6 47.Rg3 f5 48.gxf5+ Kxf5 49.Kb6 Ra4 50.Rf3+
Kg6 51.Rf8 Rxa3 52.Kc5 Ra4 53.Kd5 g4 54.Ke5 Kg5 55.Rg8+ Kh4 56.Kf5 Kh3 57.Rh8+
Kg2 58.Rh4 Kf3 59.Kg5 Ra5+ 60.Kf6 g3 0-1

[Event "HL  Women's 61.  RUS Chmp. 2011"]
[Site "Taganrog"]
[Date "2011.06.23"]
[Round "7"]
[Board "1"]
[White "Ivakhinova, Inna"]
[Black "Ivkina, Olga"]
[Result "1-0"]
[WhiteElo "2326"]
[BlackElo "2294"]
[PlyCount "71"]
[EventDate "2011.06.15"]
[EventRounds "9"]
[EventCountry "RUS"]

1.d4 Nf6 2.c4 g6 3.Nc3 Bg7 4.e4 d6 5.Nf3 O-O 6.Be2 Na6 7.Be3 e5 8.O-O Ng4 9.Bg5
Qe8 10.c5 exd4 11.Nd5 h6 12.Be7 c6 13.Bxa6 bxa6 14.Bxf8 Qxf8 15.Nf4 dxc5 16.Rc1
a5 17.Qa4 Qd6 18.Nd3 Ba6 19.Rfd1 Re8 20.Qxa5 Bxd3 21.Rxd3 Ne5 22.Nxe5 Rxe5
23.Rdd1 c4 24.Qxa7 Rxe4 25.Rxc4 Qe6 26.Rcc1 d3 27.Qa5 Rd4 28.b3 Rd6 29.Qd2 Qf5
30.Qe3 Bd4 31.Qf3 Qd7 32.Rd2 Rf6 33.Qxd3 Bxf2+ 34.Kh1 Qg4 35.Rf1 Qh4 36.g3 1-0

[Event "HL  Women's 61.  RUS Chmp. 2011"]
[Site "Taganrog"]
[Date "2011.06.23"]
[Round "7"]
[Board "1"]
[White "Bezgodova, Svetlana"]
[Black "Kindinova, Ekaterina"]
[Result "1-0"]
[WhiteElo "2154"]
[BlackElo "2159"]
[PlyCount "91"]
[EventDate "2011.06.15"]
[EventRounds "9"]
[EventCountry "RUS"]

1.Nf3 Nf6 2.g3 g6 3.b3 Bg7 4.Bb2 O-O 5.Bg2 d6 6.d4 Nbd7 7.O-O e5 8.dxe5 Ng4
9.Qd2 Ngxe5 10.c4 Re8 11.Nc3 a5 12.Rfd1 Rb8 13.Nd4 c6 14.h3 f5 15.f4 Nf7 16.e4
Qf6 17.exf5 gxf5 18.Nf3 Qg6 19.Nh4 Qxg3 20.Nxf5 Bxc3 21.Nxg3 Bxd2 22.Rxd2 Re6
23.Ne4 a4 24.Kf2 axb3 25.axb3 Nc5 26.Nxc5 dxc5 27.Bf3 Rg6 28.Be4 Rd6 29.Rg1+ Kf8
30.Rxd6 Nxd6 31.Bxh7 Ra8 32.Be5 Ne8 33.h4 Ra3 34.Rb1 Be6 35.Bg6 b5 36.h5 Bg8
37.h6 bxc4 38.bxc4 Rh3 39.Rb8 Bf7 40.Bg7+ Kg8 41.Rxe8+ Bxe8 42.Bxe8 Rh2+ 43.Kg3
Rc2 44.Bxc6 Rc1 45.Kg4 Rc2 46.Bd5+ 1-0

[Event "HL  Women's 61.  RUS Chmp. 2011"]
[Site "Taganrog"]
[Date "2011.06.24"]
[Round "8"]
[Board "1"]
[White "Zaiatz Elena, "]
[Black "Kovanova, Baira"]
[Result "1/2-1/2"]
[WhiteElo "2430"]
[BlackElo "2361"]
[PlyCount "77"]
[EventDate "2011.06.15"]
[EventRounds "9"]
[EventCountry "RUS"]

1.d4 f5 2.Nf3 Nf6 3.g3 e6 4.c4 c6 5.Nc3 d5 6.Bg2 Bd6 7.Bf4 O-O 8.e3 b6 9.cxd5
cxd5 10.O-O Ba6 11.Re1 Qe7 12.Rc1 Ne4 13.Bxd6 Nxd6 14.Ne5 Bb7 15.Qb3 Na6 16.Bf1
Nf7 17.Nxf7 Rxf7 18.Nb5 g5 19.Qa3 Qxa3 20.bxa3 Rd7 21.Rc3 Kf7 22.Rec1 Ke7 23.Be2
Kd8 24.h3 Ke7 25.g4 h6 26.Bd1 Kf6 27.f4 Rg7 28.Kf2 Rag8 29.Nd6 Nb8 30.Rc7 Rxc7
31.Rxc7 Ba6 32.Rf7+ Kg6 33.Rxa7 gxf4 34.exf4 Bd3 35.Re7 Kf6 36.Rf7+ Kg6 37.Re7
Kf6 38.Rf7+ Kg6 39.Re7 1/2-1/2

[Event "HL  Women's 61.  RUS Chmp. 2011"]
[Site "Taganrog"]
[Date "2011.06.24"]
[Round "8"]
[Board "1"]
[White "Shadrina, Tatiana"]
[Black "Gunina, Valentina"]
[Result "1-0"]
[WhiteElo "2397"]
[BlackElo "2487"]
[PlyCount "61"]
[EventDate "2011.06.15"]
[EventRounds "9"]
[EventCountry "RUS"]

1.e4 c6 2.d4 d5 3.e5 Bf5 4.Nf3 e6 5.Be2 Nd7 6.O-O Bg6 7.b3 c5 8.c4 Ne7 9.Nc3
cxd4 10.Nb5 Qb8 11.Nd6+ Kd8 12.Bf4 Nc6 13.cxd5 exd5 14.Bd3 Bh5 15.Be2 Bxd6
16.exd6 Re8 17.Nxd4 Re4 18.Bxh5 Rxf4 19.Nb5 g6 20.Be2 a6 21.Nc7 Rd4 22.Qc1 Ra7
23.Qg5+ f6 24.Qh6 Kc8 25.Rac1 Re4 26.Bf3 Re5 27.Qxh7 Nb6 28.Qh8+ Kd7 29.Qxf6 Qd8
30.Bg4+ Rf5 31.Qe6# 1-0

[Event "HL  Women's 61.  RUS Chmp. 2011"]
[Site "Taganrog"]
[Date "2011.06.24"]
[Round "8"]
[Board "1"]
[White "Ovod, Evgenija"]
[Black "Tomilova, Elena"]
[Result "1-0"]
[WhiteElo "2404"]
[BlackElo "2317"]
[PlyCount "157"]
[EventDate "2011.06.15"]
[EventRounds "9"]
[EventCountry "RUS"]

1.d4 d5 2.c4 e6 3.Nc3 c5 4.cxd5 exd5 5.Nf3 Nc6 6.g3 Nf6 7.Bg2 Be7 8.O-O O-O
9.Be3 cxd4 10.Nxd4 Re8 11.Rc1 h6 12.Nxc6 bxc6 13.Na4 Bd7 14.Nc5 Bxc5 15.Bxc5 Qa5
16.Bd4 Ne4 17.a3 Rad8 18.Qc2 Qa6 19.e3 Rc8 20.f3 Ng5 21.Qc5 Rc7 22.Qd6 Rb7
23.Rfe1 Qd3 24.h4 Ne6 25.Rcd1 Qc2 26.Bc3 Rd8 27.Rd2 Qg6 28.g4 f5 29.gxf5 Qxf5
30.Qe5 Qf7 31.Bh1 Bc8 32.Rg2 c5 33.f4 Re7 34.Qf6 d4 35.Qxf7+ Rxf7 36.Ba5 Rdf8
37.Rg6 dxe3 38.Bd5 Nxf4 39.Bxf7+ Kxf7 40.Rg3 Nd5 41.Rf1+ Nf6 42.Rxe3 Bg4 43.Re5
Rc8 44.Rfe1 Kg6 45.Re7 Kh5 46.Rxg7 Kxh4 47.Re5 Kg3 48.Bd2 Re8 49.Rxe8 Nxe8
50.Re7 Nd6 51.Re3+ Bf3 52.Re6 Nc4 53.Be1+ Kg4 54.Bc3 h5 55.Kf2 Bd5 56.Ra6 h4
57.Rxa7 h3 58.Rg7+ Kf4 59.Rh7 Kg4 60.Rh6 Nd6 61.Rg6+ Kf4 62.Bd2+ Ke5 63.Rh6 Ne4+
64.Ke3 Ng5 65.Ke2 Bc4+ 66.Kf2 Ne4+ 67.Ke3 Ng5 68.Rh5 Kf6 69.Kf4 Ne6+ 70.Ke4 Ke7
71.Rxh3 Kd6 72.Bf4+ Kc6 73.Rc3 Bd5+ 74.Ke5 Nd4 75.Be3 Nf3+ 76.Kf4 c4 77.b3 Ne1
78.bxc4 Ng2+ 79.Kg3 1-0

[Event "HL  Women's 61.  RUS Chmp. 2011"]
[Site "Taganrog"]
[Date "2011.06.24"]
[Round "8"]
[Board "1"]
[White "Ambartsumova, Karina"]
[Black "Kovalevskaya, Ekaterina"]
[Result "0-1"]
[WhiteElo "2303"]
[BlackElo "2427"]
[PlyCount "140"]
[EventDate "2011.06.15"]
[EventRounds "9"]
[EventCountry "RUS"]

1.e4 c5 2.Nf3 d6 3.d4 cxd4 4.Nxd4 Nf6 5.Nc3 Nc6 6.Bc4 Qb6 7.Nb3 e6 8.Bf4 Ne5
9.Be2 a6 10.O-O Be7 11.Be3 Qc7 12.f4 Nc4 13.Bxc4 Qxc4 14.Qf3 O-O 15.a4 Bd7
16.Rfd1 Qc7 17.a5 Rac8 18.Rd2 Qb8 19.g4 Rxc3 20.bxc3 Bc6 21.Rd4 e5 22.Rdd1 Nxe4
23.Qh3 Nxc3 24.Re1 Nd5 25.f5 Qd8 26.Rad1 Bh4 27.Bf2 Bxf2+ 28.Kxf2 Qg5 29.Qg3 Nf6
30.Kg1 Ne4 31.h4 Qe7 32.Qh2 d5 33.Rd3 f6 34.Rde3 Qb4 35.Qg2 Nd6 36.Qg3 Nc4
37.Rd3 Nxa5 38.Nxa5 Qxa5 39.g5 Qc5+ 40.Rde3 e4 41.c3 fxg5 42.Qxg5 Qd6 43.Rg3 Qf6
44.Rf1 Bd7 45.Qd2 Qe5 46.Rg5 h6 47.Rg2 e3 48.Qd4 Qxd4 49.cxd4 Bb5 50.Rf3 e2
51.Kf2 Kf7 52.Rfg3 Kf6 53.Re3 Rc8 54.Rg6+ Kf7 55.Rg1 Rc7 56.Reg3 Kf8 57.Re3 Rf7
58.Re5 Bc4 59.Rg6 a5 60.Rge6 Kg8 61.Re8+ Rf8 62.R8e7 a4 63.Rxb7 a3 64.Kg2 a2
65.Ra7 Rxf5 66.Re8+ Kh7 67.Ree7 Kg6 68.Rxg7+ Kh5 69.Rge7 Rf1 70.Rxa2 e1=Q 0-1

[Event "HL  Women's 61.  RUS Chmp. 2011"]
[Site "Taganrog"]
[Date "2011.06.24"]
[Round "8"]
[Board "1"]
[White "Matveeva, Svetlana"]
[Black "Girya, Olga"]
[Result "0-1"]
[WhiteElo "2380"]
[BlackElo "2394"]
[PlyCount "128"]
[EventDate "2011.06.15"]
[EventRounds "9"]
[EventCountry "RUS"]

1.d4 d5 2.c4 c6 3.Nc3 e6 4.e3 Bd6 5.Nf3 f5 6.Bd3 Nf6 7.Qc2 O-O 8.O-O Nbd7 9.cxd5
cxd5 10.Bd2 a6 11.Rfc1 Ne4 12.Be1 Qf6 13.Nd2 Qh6 14.Nf1 Ndf6 15.f3 Nxc3 16.bxc3
Bd7 17.a4 Bc6 18.Bg3 Bxg3 19.hxg3 Qg5 20.Qf2 Nh5 21.Qe1 Qe7 22.Nh2 Nf6 23.g4
fxg4 24.Qh4 Kf7 25.fxg4 Ke8 26.Nf3 Kd8 27.Ne5 Nd7 28.Qxe7+ Kxe7 29.Nxc6+ bxc6
30.Bxh7 Nf6 31.Bd3 Nxg4 32.Rab1 Rfb8 33.e4 dxe4 34.Bxe4 Kd6 35.c4 a5 36.Re1 Nf6
37.Bg6 Rb4 38.Bf7 Rxb1 39.Rxb1 Ra7 40.Bg6 e5 41.c5+ Kd5 42.dxe5 Kxe5 43.Rd1 Rd7
44.Re1+ Kd4 45.g4 Rd5 46.Bf5 Kxc5 47.Kg2 Rd4 48.Kg3 Rxa4 49.Kh4 Rd4 50.Kg5 a4
51.Re7 a3 52.Ra7 Kb4 53.Rxg7 Nd5 54.Ra7 Kb3 55.Bd7 c5 56.Be6 c4 57.Rb7+ Nb4
58.Kf5 a2 59.Ra7 Nc2 60.Ke5 Na3 61.Kxd4 a1=Q+ 62.Kd5 Qd1+ 63.Kc6 Qf3+ 64.Kd7 Nb5
0-1

[Event "HL  Women's 61.  RUS Chmp. 2011"]
[Site "Taganrog"]
[Date "2011.06.24"]
[Round "8"]
[Board "1"]
[White "Severiukhina, Zoja"]
[Black "Romanko, Marina"]
[Result "1/2-1/2"]
[WhiteElo "2291"]
[BlackElo "2387"]
[PlyCount "152"]
[EventDate "2011.06.15"]
[EventRounds "9"]
[EventCountry "RUS"]

1.e4 c6 2.d4 d5 3.e5 Bf5 4.Nd2 e6 5.Nb3 Nd7 6.Nf3 Ne7 7.Be2 Nc8 8.a4 a6 9.a5 Be7
10.O-O O-O 11.c4 dxc4 12.Bxc4 Na7 13.Qe2 Nb5 14.Rd1 Nc7 15.Nbd2 Bc2 16.Rf1 Bg6
17.h3 Nd5 18.Ne4 Qc7 19.Rd1 Rad8 20.Bg5 Bxg5 21.Nfxg5 h6 22.Nf3 Bxe4 23.Qxe4 f6
24.exf6 Rxf6 25.Bd3 Nf8 26.g3 Ne7 27.Ne5 Nf5 28.Bc2 Rd5 29.Bb3 Rb5 30.Ra3 Nxd4
31.Ng4 Nxb3 32.Nxf6+ gxf6 33.Qf3 Nc5 34.Qxf6 Qg7 35.Qd8 Ne4 36.Re1 Qf6 37.Qxf6
Nxf6 38.Ree3 Nd5 39.Reb3 Nb4 40.Rf3 Rd5 41.Rf6 Nd3 42.Rxh6 Kg7 43.Rh4 Nxb2
44.Rg4+ Ng6 45.h4 Kh6 46.Rf3 Nd3 47.Rf6 Nde5 48.Rg5 Kg7 49.Rf4 Nf7 50.Rxd5 exd5
51.Rb4 Nd6 52.f4 Ne7 53.g4 c5 54.Rb6 Nc6 55.Kf2 d4 56.Ke2 c4 57.h5 Kh6 58.Rb1
Nb5 59.Rh1 Nc3+ 60.Ke1 Ne4 61.g5+ Kh7 62.g6+ Kh6 63.Rg1 Ne7 64.g7 Kh7 65.f5 Ng8
66.Rg4 Nc5 67.Rxd4 Kxg7 68.Rxc4 Nb3 69.Rc7+ Kf6 70.Rxb7 Nxa5 71.Rb8 Nh6 72.Rb6+
Kg5 73.f6 Kxh5 74.Ke2 Nc4 75.Rxa6 Ne5 76.Ra5 Nhf7 1/2-1/2

[Event "HL  Women's 61.  RUS Chmp. 2011"]
[Site "Taganrog"]
[Date "2011.06.24"]
[Round "8"]
[Board "1"]
[White "Drozdova, Dina"]
[Black "Kostrikina, Anna"]
[Result "0-1"]
[WhiteElo "2239"]
[BlackElo "2072"]
[PlyCount "142"]
[EventDate "2011.06.15"]
[EventRounds "9"]
[EventCountry "RUS"]

1.e4 c5 2.Nf3 e6 3.c4 Nc6 4.Nc3 Nf6 5.d4 cxd4 6.Nxd4 d6 7.Nc2 Be7 8.Ne3 a6 9.Be2
Rb8 10.O-O Bd7 11.f3 O-O 12.Qd2 Qc7 13.a4 Na5 14.Qc2 Qb6 15.Bd2 Nb3 16.Rae1 Nxd2
17.Qxd2 Qb4 18.Nc2 Qc5+ 19.Kh1 a5 20.Ne3 Bc6 21.Bd3 Rbd8 22.Bb1 Nd7 23.f4 Qb4
24.Rf3 Bxa4 25.Rh3 Rfe8 26.Qe2 Bc6 27.Rf1 h6 28.Ng4 Bf8 29.e5 g6 30.Nf6+ Nxf6
31.exf6 Qc5 32.Qg4 Qxc4 33.Bd3 Qd4 34.Bxg6 Qxf6 35.Be4+ Kh8 36.Qe2 Bg7 37.Bb1
Kg8 38.Rg3 Kf8 39.Qd3 Qd4 40.Qh7 b5 41.f5 Qf6 42.Bd3 e5 43.Bxb5 Bxb5 44.Nxb5 d5
45.Nc3 e4 46.Ne2 e3 47.Nf4 e2 48.Re1 Re5 49.h3 Rxf5 50.Rxg7 Rxf4 51.Rg8+ Ke7
52.Rxe2+ Kd7 53.Rxd8+ Kxd8 54.Qg8+ Kc7 55.Qa8 Rf1+ 56.Kh2 Qf4+ 57.g3 Rf2+
58.Rxf2 Qxf2+ 59.Kh1 Qe1+ 60.Kg2 Qe2+ 61.Kg1 Qe1+ 62.Kg2 Qd2+ 63.Kf3 d4 64.Qa7+
Kc6 65.Qxf7 Qe3+ 66.Kg2 d3 67.Qf3+ Qxf3+ 68.Kxf3 Kd5 69.Ke3 Kc4 70.g4 a4 71.h4
a3 0-1

[Event "HL  Women's 61.  RUS Chmp. 2011"]
[Site "Taganrog"]
[Date "2011.06.24"]
[Round "8"]
[Board "1"]
[White "Savina, Anastasia"]
[Black "Pustovoitova, Daria"]
[Result "0-1"]
[WhiteElo "2389"]
[BlackElo "2306"]
[PlyCount "58"]
[EventDate "2011.06.15"]
[EventRounds "9"]
[EventCountry "RUS"]

1.d4 g6 2.c4 c5 3.d5 f5 4.h4 Bg7 5.h5 Qa5+ 6.Bd2 Qb6 7.Nc3 Qxb2 8.Rb1 Qxc3 9.Qa4
Qe5 10.Nf3 Qd6 11.g3 Qa6 12.Qc2 e5 13.e4 fxe4 14.Qxe4 d6 15.hxg6 Ne7 16.g4 Nd7
17.Bg5 h6 18.Bxe7 Kxe7 19.g5 hxg5 20.Rxh8 Nf6 21.Qe3 Bxh8 22.Nxe5 dxe5 23.Qxe5+
Kf8 24.Qc7 Bd7 25.Qxc5+ Kg8 26.Bd3 Bh3 27.Qc7 Re8+ 28.Be2 Nd7 29.Qh2 Qxa2 0-1

[Event "HL  Women's 61.  RUS Chmp. 2011"]
[Site "Taganrog"]
[Date "2011.06.24"]
[Round "8"]
[Board "1"]
[White "Severina, Maria"]
[Black "Ivakhinova, Inna"]
[Result "0-1"]
[WhiteElo "2104"]
[BlackElo "2326"]
[PlyCount "150"]
[EventDate "2011.06.15"]
[EventRounds "9"]
[EventCountry "RUS"]

1.d4 Nf6 2.c4 c5 3.Nf3 cxd4 4.Nxd4 Nc6 5.Nc3 Qb6 6.e3 e6 7.Be2 Be7 8.O-O a6
9.Nb3 O-O 10.e4 d6 11.Be3 Qc7 12.Qd2 Ne5 13.Rac1 Neg4 14.Bf4 b6 15.f3 Ne5 16.Be3
Bb7 17.Rfd1 Rfd8 18.Qe1 Rac8 19.Qf2 Ned7 20.Nd4 Qb8 21.a3 Ba8 22.b4 Ne5 23.Na4
Nfd7 24.Nb3 Rc6 25.Qf1 Rdc8 26.f4 Nxc4 27.Bxc4 b5 28.Nb2 bxc4 29.Nxc4 Nf6
30.Nba5 R6c7 31.e5 dxe5 32.Nxe5 Nd5 33.Qf2 Qb5 34.Nb3 Rc3 35.Nd4 Qb7 36.Rxc3
Rxc3 37.Bd2 Rxa3 38.f5 exf5 39.Nxf5 Bf8 40.Nc4 Ra2 41.Qg3 Kh8 42.Re1 Nf6 43.Ncd6
Qxg2+ 44.Qxg2 Bxg2 45.Bc3 Bxd6 46.Bxf6 Bxh2+ 47.Kxh2 Bc6+ 48.Kg3 gxf6 49.Rd1
Rg2+ 50.Kh4 Re2 51.Rd6 Re6 52.Rd2 Re5 53.Rd8+ Re8 54.Rd6 Be4 55.Rxf6 Bxf5
56.Rxf5 Re4+ 57.Kh5 Kg7 58.Ra5 Re6 59.Kg5 Rb6 60.Ra4 f6+ 61.Kg4 Kg6 62.Kg3 Kg5
63.Ra3 f5 64.Ra2 f4+ 65.Kf3 Rxb4 66.Rxa6 Rb3+ 67.Kf2 Kg4 68.Ra7 Rb2+ 69.Ke1 Kf3
70.Ra3+ Kg2 71.Ra7 Rb1+ 72.Kd2 f3 73.Rxh7 f2 74.Rg7+ Kh3 75.Rh7+ Kg4 0-1